00663nam a2200241 a 4500001001300000003000900013005001700022008004100039020001000080082001600090100001900106245001400125260003300139300001000172500003500182505001700217650002200234700001900256902000800275942000700283952011600290999001500406nice12345678IN_TiNIC20260116011652.0050524s1949 beia grd 000 0 ara  ac10000a492.73bMAL aMaluf, Pauloos aAl-Munjid aBeirutbCatholic Pressc1949 a1093p aincludes index and biblioraphy2 aNotes, Index aDictionary-Arabic1 aMaluf, Pauloos bRHR cBK 001040708ReferHall-aHMIbHMId2007-08-01g100.00l0o492.73 MALp08088r2007-08-01v100.00w2005-05-24yBK c3280d3280